书目信息 |
| 题名: |
中国神话
|
|
| 作者: | 王新禧 著 | |
| 分册: | ||
| 出版信息: | 西安 陕西人民出版社 2021.07 |
|
| 页数: | 243页 | |
| 开本: | 24cm | |
| 丛书名: | ||
| 单 册: | ||
| 中图分类: | I277.5 | |
| 科图分类: | ||
| 主题词: | 神话--shen hua--作品集--中国 | |
| 电子资源: | ||
| ISBN: | 978-7-224-14226-6 | |
| 000 | 00906nam0 2200253 450 | |
| 001 | 0100028734 | |
| 005 | 20211025120205.0 | |
| 010 | @a978-7-224-14226-6@dCNY59.90 | |
| 100 | @a20210816d2021 em y0chiy50 ea | |
| 101 | 0 | @achi |
| 102 | @aCN@b610000 | |
| 105 | @aa z 000fy | |
| 106 | @ar | |
| 200 | 1 | @a中国神话@Azhong guo shen hua@d= Chinese mythology@f王新禧著@zeng |
| 210 | @a西安@c陕西人民出版社@d2021.07 | |
| 215 | @a243页@c图@d24cm | |
| 314 | @a王新禧, 小说、童话作者, 中日古典历史文化研究者、翻译者。 | |
| 330 | @a本书分十七章, 内容包括: 开天辟地我来也 —— 上古创世神话 ; 战, 英雄们 ; 杰出青年劳动模范 —— 上古人文之神 ; 五帝时代 ; 太公封神, 仙家势成 ; 万千里辉耀天河等。 | |
| 510 | 1 | @aChinese mythology@zeng |
| 606 | 0 | @a神话@Ashen hua@x作品集@y中国 |
| 690 | @aI277.5@v5 | |
| 701 | 0 | @a王新禧@Awang xin xi@4著 |
| 801 | 0 | @aCN@c20210909 |
| 905 | @a河南城建学院图书馆@dI277.5@eW397 | |
| 中国神话= Chinese mythology/王新禧著.-西安:陕西人民出版社,2021.07 |
| 243页:图;24cm |
| ISBN 978-7-224-14226-6:CNY59.90 |
| 本书分十七章, 内容包括: 开天辟地我来也 —— 上古创世神话 ; 战, 英雄们 ; 杰出青年劳动模范 —— 上古人文之神 ; 五帝时代 ; 太公封神, 仙家势成 ; 万千里辉耀天河等。 |
| ● |
| 相关链接 |
|
|
|
正题名:中国神话
索取号:I277.5/W397
 
预约/预借
| 序号 | 登录号 | 条形码 | 馆藏地/架位号 | 状态 | 备注 |
| 1 | 1546991 | 215469918 | 文学库116/116文学库 12排6列4层/ [索取号:I277.5/W397] | 在馆 | |
| 2 | 1546992 | 215469927 | 文学库116/116文学库 12排6列4层/ [索取号:I277.5/W397] | 在馆 |